Indian foreign policy : (Record no. 103907)
[ view plain ]
| 000 -LEADER | |
|---|---|
| fixed length control field | 00809nam a22002297a 4500 |
| 005 - DATE AND TIME OF LATEST TRANSACTION | |
| control field | 20180629144432.0 |
| 010 ## - LCCN (DPL NO) | |
| LC control number | 1718EN-30 ENG-116181 B-687337-3416 |
| 020 ## - INTERNATIONAL STANDARD BOOK NUMBER | |
| International Standard Book Number | 9788125063148 |
| Terms of availability | 850.00 |
| 035 ## - SYSTEM CONTROL NUMBER | |
| System control number | EN-99713 |
| 035 ## - SYSTEM CONTROL NUMBER | |
| System control number | B-687337-346 |
| 037 ## - SOURCE OF ACQUISITION | |
| Source of stock number/acquisition | Uppal |
| Stock number | dpl |
| 037 ## - SOURCE OF ACQUISITION | |
| Source of stock number/acquisition | DBAD/PUB |
| 082 ## - DEWEY DECIMAL CLASSIFICATION NUMBER | |
| Classification number | 327.54 |
| 100 ## - MAIN ENTRY--PERSONAL NAME | |
| Personal name | Pant, Harsh V. |
| 245 ## - TITLE STATEMENT | |
| Title | Indian foreign policy : |
| Statement of responsibility, etc | by Harsh V. Pant, |
| Remainder of title | an overview / |
| 260 ## - PUBLICATION, DISTRIBUTION, ETC. (IMPRINT) | |
| Date of publication, distribution, etc | 2016 |
| Place of publication, distribution, etc | New Delhi |
| Name of publisher, distributor, etc | Orient Blackswan |
| 270 ## - ADDRESS | |
| Address | 1/24, Asaf Ali Road |
| City | New Delhi |
| Postal code | 110002 |
| 300 ## - PHYSICAL DESCRIPTION | |
| Dimensions | 23cm(pbk) |
| Extent | x,246p. |
| 500 ## - GENERAL NOTE | |
| General note | Includes index |
| 942 ## - ADDED ENTRY ELEMENTS (KOHA) | |
| Item type | English Books |
| Source of classification or shelving scheme | Dewey Decimal Classification |
| Classification part | 327.54 |
| Call number suffix | PAN |
| Withdrawn status | Lost status | Not for loan | Collection code | Home library | Current library | Date acquired | Source of acquisition | Cost, normal purchase price | Full call number | Barcode | Copy number | Cost, replacement price | Koha item type |
|---|---|---|---|---|---|---|---|---|---|---|---|---|---|
| Non-fiction | Ashok Vihar | Ashok Vihar | 29/06/2018 | Uppal/14845/4.12.2017/691/20.11.2017/10.01.2018 | 580.00 | 327.54 PAN | B-687338 | 1 | 850.00 | English Books | |||
| Non-fiction | Bawana | Bawana | 29/06/2018 | Uppal/14845/4.12.2017/691/20.11.2017/10.01.2018 | 580.00 | 327.54 PAN | B-687344 | 1 | 850.00 | English Books | |||
| Non-fiction | Central Library | Central Library | 29/06/2018 | Uppal/14845/4.12.2017/691/20.11.2017/10.01.2018 | 580.00 | 327.54 PAN | B-687337 | 1 | 850.00 | English Books | |||
| Non-fiction | Janak Puri | Janak Puri | 29/06/2018 | Uppal/14845/4.12.2017/691/20.11.2017/10.01.2018 | 580.00 | 327.54 PAN | B-687341 | 1 | 850.00 | English Books | |||
| Non-fiction | Narela | Narela | 29/06/2018 | Uppal/14845/4.12.2017/691/20.11.2017/10.01.2018 | 580.00 | 327.54 PAN | B-687343 | 1 | 850.00 | English Books | |||
| Non-fiction | Patel Nagar | Patel Nagar | 29/06/2018 | Uppal/14845/4.12.2017/691/20.11.2017/10.01.2018 | 580.00 | 327.54 PAN | B-687339 | 1 | 850.00 | English Books | |||
| Non-fiction | Patel Nagar | Patel Nagar | 29/06/2018 | Uppal/14845/4.12.2017/691/20.11.2017/10.01.2018 | 580.00 | 327.54 PAN | B-687340 | 1 | 850.00 | English Books | |||
| Non-fiction | Sarojini Nagar | Sarojini Nagar | 29/06/2018 | Uppal/14845/4.12.2017/691/20.11.2017/10.01.2018 | 580.00 | 327.54 PAN | B-687342 | 1 | 850.00 | English Books | |||
| Non-fiction | Shahdara Branch | Shahdara Branch | 06/10/2016 | DBAD/PUB | 850.00 | 327.54 PAN | EN-99713 | 1 | 850.00 | English Books | |||
| Non-fiction | Shahdara Branch | Shahdara Branch | 29/06/2018 | Uppal/14845/4.12.2017/691/20.11.2017/10.01.2018 | 580.00 | 327.54 PAN | B-687345 | 1 | 850.00 | English Books | |||
| Non-fiction | Yojana Vihar | Yojana Vihar | 29/06/2018 | Uppal/14845/4.12.2017/691/20.11.2017/10.01.2018 | 580.00 | 327.54 PAN | B-687346 | 1 | 850.00 | English Books |
